000
00256nam a22000977a 4500
008
240219b |||||||| |||| 00| 0 eng d
082
_a
C ALOS Ej.1
100
1
0
_a
Alonso, Tereisa
_e
autor
_9
43450
245
_a
Los siete cabritos /
_c
Tereixa Alonso
942
_2
ddc
999
_c
30627
_d
17011